Arson control: a synthesis of issues and strategies based on the Arson control Assistance Program; final report

Guardado en:  
Detalles Bibliográficos
Otros Autores: Ku, Richard (Editor)
Tipo de documento: Print Libro
Lenguaje:Lengua no determinada
Publicado: Cambridge, Mass. 1981
En:Año: 1981
Disponibilidad en Tübingen:Disponible en Tübingen.
UB: KB 1 G 574
Verificar disponibilidad: HBZ Gateway
Servicio de pedido Subito: Pedir ahora.

MARC

LEADER 00000cam a22000002c 4500
001 108410928X
003 DE-627
005 20220514110944.0
007 tu
008 880525s1981 xx ||||| 00| ||und c
035 |a (DE-627)108410928X 
035 |a (DE-576)01410928X 
035 |a (DE-599)BSZ01410928X 
035 |a (OCoLC)310823045 
040 |a DE-627  |b ger  |c DE-627  |e rakwb 
245 0 0 |a Arson control  |b a synthesis of issues and strategies based on the Arson control Assistance Program; final report  |c Richard Ku ... project directors 
264 1 |a Cambridge, Mass.  |c 1981 
300 |a 543 S. 
336 |a Text  |b txt  |2 rdacontent 
337 |a ohne Hilfsmittel zu benutzen  |b n  |2 rdamedia 
338 |a Band  |b nc  |2 rdacarrier 
583 1 |a Archivierung prüfen  |c 20200919  |f DE-640  |z 1  |2 pdager 
700 1 |a Ku, Richard  |e Hrsg.  |4 edt 
951 |a BO 
ELC |b 1 
LOK |0 000 xxxxxcx a22 zn 4500 
LOK |0 001 2106620764 
LOK |0 003 DE-627 
LOK |0 004 108410928X 
LOK |0 005 20020606000000 
LOK |0 008 880525||||||||||||||||ger||||||| 
LOK |0 040   |a DE-21  |c DE-627  |d DE-21 
LOK |0 852   |a DE-21 
LOK |0 852 1  |c KB 1 G 574  |9 00 
LOK |0 935   |a krim 
LOK |0 936ln  |a k10.7 
LOK |0 939   |a 25-05-88  |b l01 
ORI |a SA-MARC-krimdoka001.raw 
SIG |a UB: KB 1 G 574